Soccer Clubs Won UEFA Champions League in 2000s - Sudden Death - Statistics

General Stats
  • This quiz has been taken 224 times
  • The average score is 3 of 7
Answers on the Grid
Answers color-coded by a green-red scale on the quiz's grid according to % correct below.
AC Milan
Ajax
Arsenal
AS Roma
Atletico Madrid
Bayern Munich
Borussia Dortmund
Chelsea
Deportivo la coruna
FC Barcelona
FC Porto
Inter Milan
Juventus
Lazio
Liverpool FC
Manchester City
Manchester United
Marseille
PSG
Real Madrid
Valencia
 
Answer Stats
Answer % Correct
AC Milan
82%
Bayern Munich
46%
FC Barcelona
46%
Liverpool FC
34%
Real Madrid
33%
Manchester United
32%
FC Porto
26%
No matching quizzes found
Score Distribution
Percent of People with Each Score
Percentile by Number Answered
Your Score History
You have not taken this quiz